00645 2200217 4500001002100000005001500021035002000036007000300056008004100059020002200100082001600122084002200138100002000160245004800180250002000228260006000248300004500308650002800353650002800381856001800409INLIS00000000000000720250710103919 a0010-0725000007ta250710 a 0 ind  a978-623-307-143-7 a398.209 598 a398.209 598 CHO k0 aCholidatul Dewi1 aKhitanan Galih dan Bagja /cDewi Cholidatul aCetakan Pertama aBogor :bBadan Pengembangan dan Pembinaan Bahasa,c2022 a28 hlm. :bilus. ;c29,7 cme398.209.598 4aCerita Anak - Indonesia 4aLiterasi - Bahan Bacaan aTBM As Suhada